| 000 | 01022nam a2200241Ia 4500 | ||
|---|---|---|---|
| 003 | OSt | ||
| 005 | 20221002044333.0 | ||
| 006 | a|||||r|||| 00| 0 | ||
| 007 | ta | ||
| 008 | 220930b |||||||| |||| 00| 0 hin d | ||
| 020 |
_a8179750442 (hbk) _c3000 |
||
| 024 | _a92462 | ||
| 037 |
_b414, 23/03/2009, Swaraj Prakashan _cReference Collections |
||
| 040 |
_aCRL _cCRL _bhin |
||
| 041 |
_2hin _ahin |
||
| 082 | _aO152.6M90x, P4.1-.4 (RR) | ||
| 100 | _aविद्यार्थी, गणेश शंकर | ||
| 245 | 0 | _aगणेश शंकर विद्यार्थी रचनावली | |
| 260 |
_aनई _bदिल्ली अनामिका पब्लिशर्स _c2004 |
||
| 700 | _a सलिल, सुरेश, संपा. | ||
| 942 |
_hO152.6M90x, P4.1-.4 (RR) _cref _2CC |
||
| 999 |
_c910161 _d910161 |
||